Congregate housing for the elderly : a selective and annotated bibliography /

Bibliographic Details
Main Author: Zabel, Diane
Format: Book
Language:English
Published: Chicago, Ill. : Council of Planning Librarians, [1986]
Series:CPL bibliography ; no. 181.
Subjects:

MARC

Tag First Indicator Second Indicator Subfields
LEADER 00000cam a2200000 a 4500
001 in00000007931
005 20160823163142.0
008 870312s1986 ilu b 00010 eng d
035 |a (OCoLC)15305671 
040 |a TXA  |c TXA  |d IOD  |d PIT  |d UtOrBLW 
050 4 |a Z5943.A4  |b Z32 1986 
100 1 |a Zabel, Diane. 
245 1 0 |a Congregate housing for the elderly :  |b a selective and annotated bibliography /  |c Diane Zabel. 
264 1 |a Chicago, Ill. :  |b Council of Planning Librarians,  |c [1986] 
300 |a 27 pages ;  |c 28 cm. 
336 |a text  |b txt  |2 rdacontent 
337 |a unmediated  |b n  |2 rdamedia 
338 |a volume  |b nc  |2 rdacarrier 
490 1 |a CPL bibliography ;  |v no. 181 
500 |a "November 1986." 
650 0 |a Congregate housing  |x Bibliography. 
650 0 |a Older people  |x Dwellings  |x Bibliography. 
830 0 |a CPL bibliography ;  |v no. 181. 
999 f f |s 82b74af2-5eb7-3bc8-bd7d-ea55c005fa0f  |i ec8814b2-1084-3a6e-9d7d-9569b05102c8  |t 0 
952 f f |p ric  |a Texas A&M University  |b Rellis Campus  |c Joint Library Facility  |d Remote Storage  |t 0  |e Z5943.A4 Z32 1986  |h Library of Congress classification  |i unmediated -- volume  |m A14812583710 
998 f f |a Z5943.A4 Z32 1986  |t 0  |l Remote Storage